|
|
|
|
| LEADER |
01246nam a22003372i 4500 |
| 001 |
001914317 |
| 003 |
CZ BrMZK |
| 005 |
20241104094957.0 |
| 007 |
ta |
| 008 |
241104s1987 xr a er|||||||||||cze d |
| 040 |
|
|
|a BOE303
|b cze
|d ABE310
|e rda
|
| 080 |
|
|
|a 741-05(437.32)"1940/-"Kosková,I.
|
| 080 |
|
|
|a 929 Kosková, Inge
|
| 080 |
|
|
|a 061.4(437.32 Brno)"1987"
|
| 100 |
1 |
|
|a Kosková, Inge,
|d 1940-
|7 jn20000710277
|4 art
|
| 245 |
1 |
0 |
|a Inge Kosková :
|b kresby : Brno, Na bidýlku, duben 1987 /
|c Jiří Valoch
|
| 264 |
|
1 |
|a Brno :
|b Na bidýlku,
|c 1987
|
| 300 |
|
|
|a 4 nečíslované strany, 2 nečíslované volné listy obrazové přílohy :
|b ilustrace
|
| 336 |
|
|
|a text
|b txt
|2 rdacontent
|
| 337 |
|
|
|a bez média
|b n
|2 rdamedia
|
| 338 |
|
|
|a list
|b nb
|2 rdacarrier
|
| 600 |
1 |
7 |
|a Kosková, Inge,
|d 1940-
|7 jn20000710277
|2 czenas
|
| 650 |
|
7 |
|a kresby
|7 ph121941
|2 czenas
|
| 650 |
|
7 |
|a výstavy
|7 ph116705
|z Brno
|y 1987
|2 czenas
|
| 655 |
|
7 |
|a katalogy výstav
|7 fd132536
|2 czenas
|
| 700 |
1 |
|
|a Valoch, Jiří,
|d 1946-
|7 jn19992010336
|4 wfw
|
| 710 |
2 |
|
|a Na bidýlku (Brno, Česko)
|
| 910 |
|
|
|a BOA001
|b X2-1533.717
|
| 990 |
|
|
|a BK
|
| 991 |
|
|
|b 202410
|
| 996 |
6 |
|
|b 2610984528
|c X2-1533.717
|l MZK
|r Sklad / do 24 hodin
|n 0
|p dar
|w 001983312
|u 000010
|a 1
|e BOA001
|j MZK50
|s P
|